000 00498nam a2200157 i 4500
001 22269
003 ES-MaACL
007 t|
008 021202s1983 sp ||||1| spa d
100 1 _aAliber, Robert Z.
_919925
245 1 0 _aRiesgo de cambio y financiación en la empresa /
_cRobert Z. Aliber ; [traducción de: Rafael Martín Sanz].
260 _aMadrid :
_bPirámide,
_c[1983]
300 _a182 p. ;
_c21 cm.
700 1 _aMartín Sanz, Rafael.
_977658
852 _aES-MaACL
_jL-4983
_bR.105412
999 _c22269
_d22269